Normal view
MARC view
- Samuels, Paul G.
Entry Personal Name
001 - CONTROL NUMBER
- control field: 111866
003 - CONTROL NUMBER IDENTIFIER
- control field: NUST
005 - DATE AND TIME OF LATEST TRANSACTION
- control field: 20230413092411.0
008 - FIXED-LENGTH DATA ELEMENTS
- fixed length control field: 230413|| aca||aabn | a|a d
040 ## - CATALOGING SOURCE
- Original cataloging agency: NUST
- Transcribing agency: NUST
100 ## - HEADING--PERSONAL NAME
- Personal name: Samuels, Paul G.
670 ## - SOURCE DATA FOUND
- Source citation: Work cat.: (NUST)0: Knight, Donald W., author. 24687, Practical channel hydraulics :
